Enhancement of cyclic performance of masonry structures using various confining techniques (Record no. 554238)
[ view plain ]
| 000 -LEADER | |
|---|---|
| fixed length control field | 00546nam a22001697a 4500 |
| 082 ## - DEWEY DECIMAL CLASSIFICATION NUMBER | |
| Classification number | P-827 |
| -- | Syn-28 |
| 100 ## - MAIN ENTRY--PERSONAL NAME | |
| Personal name | Maj Muhammad Adnan Hanif |
| 9 (RLIN) | 51576 |
| 245 ## - TITLE STATEMENT | |
| Title | Enhancement of cyclic performance of masonry structures using various confining techniques |
| 260 ## - PUBLICATION, DISTRIBUTION, ETC. | |
| Place of publication, distribution, etc. | Risalpur, |
| Name of publisher, distributor, etc. | MCE, |
| Date of publication, distribution, etc. | 2019. |
| 300 ## - PHYSICAL DESCRIPTION | |
| Extent | 49p. |
| Other physical details | ill. |
| Dimensions | 30cm. |
| 526 ## - STUDY PROGRAM INFORMATION NOTE | |
| Program name | 0 |
| Interest level | 0 |
| Reading level | 0 |
| Title point value | P_827 |
| 700 ## - ADDED ENTRY--PERSONAL NAME | |
| Personal name | Imam Ul Huda Muhammad |
| 9 (RLIN) | 51577 |
| 700 ## - ADDED ENTRY--PERSONAL NAME | |
| Personal name | Maj Dr Muhammad Rizwan |
| 9 (RLIN) | 48119 |
| 700 ## - ADDED ENTRY--PERSONAL NAME | |
| Personal name | Usama Muhammad Altaf |
| 9 (RLIN) | 51578 |
| 710 ## - ADDED ENTRY--CORPORATE NAME | |
| Corporate name or jurisdiction name as entry element | Muhammad Aslam |
| 9 (RLIN) | 51579 |
| 942 ## - ADDED ENTRY ELEMENTS (KOHA) | |
| Source of classification or shelving scheme | |
| Koha item type | Book |
| Withdrawn status | Lost status | Source of classification or shelving scheme | Damaged status | Not for loan | Permanent Location | Current Location | Date acquired | Total Checkouts | Full call number | Barcode | Date last seen | Price effective from | Koha item type |
|---|---|---|---|---|---|---|---|---|---|---|---|---|---|
| Military College of Engineering (MCE) | Military College of Engineering (MCE) | 08/17/2019 | P-827 | MCE-P-827 | 08/17/2019 | 08/17/2019 | Book |
